01014nam a2200289Ia 4500952011800000999001700118003000400135005001700139008004100156020001600197020001800213040000900231041001300240050002800253100002400281245011300305246002300418260005100441300002800492500008400520650003600604650002900640650002000669700001400689700001400703942000700717 00104070aGETSbGETScGENd2020-08-19l0oBV3427.B68 .L3912 2008p00003355r2020-08-19 00:00:00w2020-08-19yCB c13429d13429OSt20210407141827.0200819s9999||||xx |||||||||||||| ||und|| a 756337471X a9787563374717 cGETS achiheng aBV3427.B68b.L3912 2008 aLazich, Michael C.  0a千禧年的感召b= America's first missionary to China /c雷孜智 (Michael C. Lazich) 著; 尹文涓译 a千禧年的感召 a桂林 : b广西师范大学出版社, c2008 a4, 6, 365 p.b;c23 cm. aTranslation of: E.C. Bridgman (1801-1861), America's first missionary to China. aBridgman, E.C.1801-1861 Family. aBridgman, E.C.1801-1861. aMissions China. a尹文涓 a雷孜智 cCB